Seasonal feasts and festivals.

Bibliographic Details
Main Author: James, E. O. (Edwin Oliver), 1888-1972
Format: Book
Language:English
Published: New York : Barnes & Noble, [1961]
Subjects:

MARC

Tag First Indicator Second Indicator Subfields
LEADER 00000cam a2200000 4500
001 in00000042997
005 20151007064953.0
008 750609s1961 nyu b 00000 eng u
010 |a  61003828  
035 |a (OCoLC)01379356 
035 |9 AAE0990AM 
040 |c OUN  |d TXA  |d UtOrBLW 
049 |a TXAM  |c [337818] 
050 0 0 |a GT3930  |b .J3 1961 
082 0 |a 394.2 
092 |a 394.2  |b J27s 
100 1 |a James, E. O.  |q (Edwin Oliver),  |d 1888-1972. 
245 1 0 |a Seasonal feasts and festivals. 
264 1 |a New York :  |b Barnes & Noble,  |c [1961] 
300 |a 336 pages ;  |c 23 cm. 
336 |a text  |b txt  |2 rdacontent 
337 |a unmediated  |b n  |2 rdamedia 
338 |a volume  |b nc  |2 rdacarrier 
504 |a Includes bibliographies. 
650 0 |a Festivals  |x History. 
999 |a MARS 
999 f f |s cbf93ffb-8c0a-3e16-86e5-346ee5a1b6fa  |i b6c461ee-3846-397f-a3bd-458fe2b7874b  |t 0 
952 f f |p normal  |a Texas A&M University  |b College Station  |c Sterling C. Evans Library  |d Evans: Library Stacks  |t 0  |e GT3930 .J3 1961  |h Library of Congress classification  |i unmediated -- volume  |m A14800885122 
998 f f |a GT3930 .J3 1961  |t 0  |l Evans: Library Stacks